000 00788nam a2200265Ia 4500
001 Para_5214
003 CHAP
008 220125s1923 xx 000 0 und d
010 _a203766
040 _cCHAP
090 _aPA FOLLETO 2555
100 _aCobbs, John. L
_924166
245 _aDepartment bulletins nos. 976-1000 :
_b with contents and index /
_c John L. Cobbs
260 _aWashington :
_b Department of Agriculture
300 _a24 p.
440 _aEUA. Dept. of Agriculture. Farmers'Bull.; 976-1000
_9169664
650 _aAgricultura y ganaderĂ­a
_x BibliografĂ­a
_92076
901 _aPA FOLLETO 2555
902 _aA
905 _a0000001923 WAS 0000000000 00
910 _a1923
942 _cPARA
942 _cPARA
_d1
999 _c203766
_d203766